Marketing thương mại điện tử

Quyển sách "Marketing thương mại điện tử" cung cấp những kiến thức về thương mại điện tử hiện thời, bản chất thống nhất của hành vi khách hàng điện tử các kênh Marketing và thông tin trực tuyến....

Szczegółowa specyfikacja

Zapisane w:
Opis bibliograficzny
1. autor: Nguyễn, Bách Khoa
Format: Książka
Język:Undetermined
Wydane: Hà Nội Thống Kê 2003
Hasła przedmiotowe:
Etykiety: Dodaj etykietę
Nie ma etykietki, Dołącz pierwszą etykiete!
Thư viện lưu trữ: Trung tâm Học liệu Trường Đại học Cần Thơ
LEADER 00863nam a2200205Ia 4500
001 CTU_119933
008 210402s9999 xx 000 0 und d
020 |c 54000 
082 |a 658.8 
082 |b Kh401 
100 |a Nguyễn, Bách Khoa 
245 0 |a Marketing thương mại điện tử 
245 0 |c Nguyễn Bách Khoa 
260 |a Hà Nội 
260 |b Thống Kê 
260 |c 2003 
520 |a Quyển sách "Marketing thương mại điện tử" cung cấp những kiến thức về thương mại điện tử hiện thời, bản chất thống nhất của hành vi khách hàng điện tử các kênh Marketing và thông tin trực tuyến. 
650 |a Industrial management,Marketing 
904 |i Năm 
980 |a Trung tâm Học liệu Trường Đại học Cần Thơ